Perangkaan perpustakaan di Malaysia 2006

Bibliographic Details
Corporate Authors: Malaysia. Perpustakaan Negara, Perpustakaan Negara Malaysia
Format: Book
Published: Kuala Lumpur : Perpustakaan Negara Malaysia , 2007
Subjects:

MARC

LEADER 00000cam a2200000 7i4500
001 0000021354
005 20080502.0
020 |a 9789679312133 
040 |a INS 
090 0 0 |a Z678.8.M4   |b M35 2006 
110 1 |a Malaysia. Perpustakaan Negara 
245 0 0 |a Perangkaan perpustakaan di Malaysia 2006 
260 |a Kuala Lumpur :   |b Perpustakaan Negara Malaysia ,   |c 2007 
300 |a xiii, 53 ms. :   |b il. ;   |c 18 cm. 
650 0 0 |a Libraries   |z Malaysia   |x Statistics 
710 1 |a Perpustakaan Negara Malaysia 
999 |a 0000019756   |b BOOK   |c Open Shelf   |e Default branch